书目信息 |
| 题名: |
世界史就是一部货币史
|
|
| 作者: | 宫崎正胜, 著 ;朱悦玮 译 | |
| 分册: | ||
| 出版信息: | 杭州 浙江人民出版社 2020 |
|
| 页数: | [18], 232页 | |
| 开本: | 25cm | |
| 丛书名: | ||
| 单 册: | ||
| 中图分类: | F821.9 | |
| 科图分类: | ||
| 主题词: | 货币史--huo bi shi--世界 | |
| 电子资源: | ||
| ISBN: | 978-7-213-09732-4 | |
| 000 | 01156nam0 2200253 450 | |
| 001 | 2147398106 | |
| 005 | 20211113130647.88 | |
| 010 | @a978-7-213-09732-4@b精装@dCNY78.00 | |
| 100 | @a20200720d2020 em y0chiy50 ea | |
| 101 | 1 | @achi@cjpn |
| 102 | @aCN@b330000 | |
| 105 | @aab a 000yy | |
| 200 | 1 | @a世界史就是一部货币史@Ashi jie shi jiu shi yi bu huo bi shi@d= The world history is a monetary history@f(日) 宫崎正胜著@g朱悦玮译@zeng |
| 210 | @a杭州@c浙江人民出版社@d2020 | |
| 215 | @a[18], 232页@c图, 地图@d25cm | |
| 320 | @a有书目 (第229-232页) | |
| 330 | @a本书主要讲述世界史在经济、货币的基础上,是如何运作、如何建立现代社会的。本书共分12章,内容包括:4000年前,商人让“钱”流动起来;从麻烦的钱到简单的钱——促进“货币”出现的硬币革命;为什么中国的货币不是金银而是“廉价的铜钱”;从伊斯兰世界的“票据”到欧洲的“纸币”;元朝时期,中国为什么在欧洲之前成为“纸币帝国”等。 | |
| 510 | 1 | @aWorld history is a monetary history@zeng |
| 606 | 0 | @a货币史@Ahuo bi shi@y世界 |
| 690 | @aF821.9@v5 | |
| 701 | 0 | @a宫崎正胜,@Agong qi zheng sheng@f1942-@4著 |
| 702 | 0 | @a朱悦玮@Azhu yue wei@4译 |
| 801 | 0 | @aCN@bBP@c20200720 |
| 905 | @aZUCC@dF821.9@e3 | |
| 世界史就是一部货币史= The world history is a monetary history/(日) 宫崎正胜著/朱悦玮译.-杭州:浙江人民出版社,2020 |
| [18], 232页:图, 地图;25cm |
| ISBN 978-7-213-09732-4(精装):CNY78.00 |
| 本书主要讲述世界史在经济、货币的基础上,是如何运作、如何建立现代社会的。本书共分12章,内容包括:4000年前,商人让“钱”流动起来;从麻烦的钱到简单的钱——促进“货币”出现的硬币革命;为什么中国的货币不是金银而是“廉价的铜钱”;从伊斯兰世界的“票据”到欧洲的“纸币”;元朝时期,中国为什么在欧洲之前成为“纸币帝国”等。 |
| ● |
| 相关链接 |
|
|
|
正题名:世界史就是一部货币史
索取号:F821.9/3
 
预约/预借
| 序号 | 登录号 | 条形码 | 馆藏地/架位号 | 状态 | 备注 |
| 1 | 2000883289 | 2000883289 | 第三书库/ [索取号:F821.9/3] | 在馆 | |
| 2 | 2000883290 | 2000883290 | 第三书库/ [索取号:F821.9/3] | 在馆 | |
| 3 | 2000883291 | 2000883291 | 第三书库/ [索取号:F821.9/3] | 在馆 |